| 000 | 00555nam a2200169 a 4500 | ||
|---|---|---|---|
| 005 | 20140412111358.0 | ||
| 008 | 060126s19uu xx 00 eng d | ||
| 020 | _a0-590-44490-5 | ||
| 050 |
_aTR(PS E _bSu71 1990 |
||
| 100 | _aPfister, Marcus | ||
| 245 |
_aSun and moon / _cMarcus Pfister. |
||
| 260 |
_aNew York : _bScholastic Inc., _c1990. |
||
| 300 | _a1 v. (unp.) ; ill. | ||
| 520 | _aIt seems that the sun and the moon might never meet in the sky. Yet one cloudless day, the impossible happens! | ||
| 650 | _aChildren stories | ||
| 999 |
_c105432 _d105432 |
||